000 00604nam a2200205Ia 4500
005 20250326144358.0
008 250326s9999 xx 000 0 und d
020 _a90-420-2061-X
037 _aTextbook
040 _aFMSL
_beng
_cFMSL
041 _aeng
_2eng
084 _aW87 P6
_qFMSL
100 _aBoersema David Ed.
_9749565
245 0 _aSprititual and political demensions of nonviolence and peace
_cBoersema David Ed.; Brown Katy Gray
260 _aNY
_bNY, Vibs
_c2006
300 _avii,266
365 _b3775.1999999999998
942 _cTB
_hW87 P6
999 _c1303489
_d1303489